Normal view
MARC view
- Vaughan, David R.,
Entry Personal Name
001 - CONTROL NUMBER
- control field: 110694
003 - CONTROL NUMBER IDENTIFIER
- control field: NUST
005 - DATE AND TIME OF LATEST TRANSACTION
- control field: 20230320154221.0
008 - FIXED-LENGTH DATA ELEMENTS
- fixed length control field: 230320|| aca||aabn | a|a d
040 ## - CATALOGING SOURCE
- Original cataloging agency: NUST
- Transcribing agency: NUST
100 ## - HEADING--PERSONAL NAME
- Personal name: Vaughan, David R.,
- Dates associated with a name: 1935-
670 ## - SOURCE DATA FOUND
- Source citation: Work cat.: (NUST)0: Isaacson, Jeffrey A. (Jeffrey Alan), 1960- 110692, Estimation and prediction of ballistic missile trajectories /, 1996.
